| Tag |
First Indicator |
Second Indicator |
Subfields |
| LEADER |
00000cgm a2200000Mi 4500 |
| 001 |
in00005532113 |
| 006 |
m o c |
| 007 |
cr |n|---||a|a |
| 007 |
vz |zazu| |
| 008 |
080405s2006 nyu056 g o vueng d |
| 005 |
20241201225236.8 |
| 035 |
|
|
|a (OCoLC)ocn747797417
|
| 040 |
|
|
|a ALSTP
|b eng
|e pn
|c ALSTP
|d OCLCQ
|d UV0
|d UAB
|d OCLCO
|d OCLCQ
|d OCLCF
|d OCLCO
|d OCLCQ
|d IAA
|d WYU
|d OCLCO
|d LUU
|d OCLCQ
|d OCLCO
|d OCLCL
|d MNU
|d OCLCO
|
| 019 |
|
|
|a 780753572
|
| 035 |
|
|
|a (OCoLC)747797417
|z (OCoLC)780753572
|
| 041 |
1 |
|
|a eng
|p eng
|
| 050 |
|
4 |
|a PN1200eb
|
| 082 |
|
4 |
|a 539.762
|q OCoLC
|
| 049 |
|
|
|a TXAM
|
| 100 |
1 |
|
|a Reed, Rosemarie.
|
| 245 |
1 |
4 |
|a The path to nuclear fission /
|c by Rosemarie Reed.
|
| 264 |
|
1 |
|a New York, NY :
|b Filmakers Library,
|c 2006.
|
| 300 |
|
|
|a 1 online resource (56 min.)
|
| 336 |
|
|
|a two-dimensional moving image
|b tdi
|2 rdacontent
|
| 337 |
|
|
|a computer
|b c
|2 rdamedia
|
| 338 |
|
|
|a online resource
|b cr
|2 rdacarrier
|
| 341 |
0 |
|
|a auditory
|b captions
|2 sapdv
|
| 532 |
1 |
|
|a Closed captioning in English
|
| 520 |
|
|
|a This absorbing film details the story of a brilliant Jewish woman, Lise Meitner, who made scientific history when she and her collaborator, Otto Hahn, discovered nuclear fission in 1938. Yet her forced emigration from Nazi Germany meant that Otto Hahn would never credit her contribution when he was awarded the Nobel Prize in 1944. Lise Meitner, a shy young physics student from Vienna, and the worldly Otto Hahn, a chemist, became close friends and colleagues in 1907. At the time, the nature of atoms and elements was still poorly understood. Their collaboration benefited from their separate disciplines. Meitner and Hahn s first period of joint research culminated in their discovery of the "missing" radioactive element, protactinium, in 1918. Meitner was a pioneer in the field that became known as nuclear physics. She published the first theoretical interpretation of the fission process, calculated the enormous energy released and coined the name "fission" which was instantly accepted by the physics community. Lise Meitner became prominent within a circle of colleagues that included Einstein, Max Planck, and Niels Bohr. Although their names became household words, few people know of her contributions.
|
| 521 |
|
|
|a For College; Adult audiences.
|
| 546 |
|
|
|a English.
|
| 588 |
0 |
|
|a Print version record.
|
| 600 |
1 |
0 |
|a Hahn, Otto,
|d 1879-1968.
|
| 600 |
1 |
0 |
|a Meitner, Lise,
|d 1878-1968.
|
| 600 |
1 |
7 |
|a Hahn, Otto,
|d 1879-1968
|2 fast
|1 https://id.oclc.org/worldcat/entity/E39PBJpYyfdKmW4vxqrHV4Fh73
|
| 600 |
1 |
7 |
|a Meitner, Lise,
|d 1878-1968
|2 fast
|1 https://id.oclc.org/worldcat/entity/E39PBJv4pWRkKVF7pMW9Dwvrbd
|
| 650 |
|
0 |
|a Nuclear fission.
|
| 650 |
|
2 |
|a Nuclear Fission
|
| 650 |
|
6 |
|a Fission nucléaire.
|
| 650 |
|
7 |
|a Nuclear fission
|2 fast
|
| 655 |
|
0 |
|a Documentary.
|
| 655 |
|
2 |
|a Documentaries and Factual Films
|
| 655 |
|
4 |
|a Streaming videos.
|
| 655 |
|
7 |
|a documentary film.
|2 aat
|
| 655 |
|
7 |
|a Video recordings for the hearing impaired.
|2 lcgft
|
| 655 |
|
7 |
|a Documentary films.
|2 lcgft
|
| 655 |
|
7 |
|a Vidéos pour personnes handicapées auditives.
|2 rvmgf
|
| 655 |
|
7 |
|a Documentaires.
|2 rvmgf
|
| 758 |
|
|
|i has work:
|a The path to nuclear fission (MovingImage)
|1 https://id.oclc.org/worldcat/entity/E39PCH3wgCvtCH4VGdC4tkC6Gb
|4 https://id.oclc.org/worldcat/ontology/hasWork
|
| 830 |
|
0 |
|a Filmakers Library online.
|
| 856 |
4 |
0 |
|u http://proxy.library.tamu.edu/login?url=https://www.aspresolver.com/aspresolver.asp?AVN2;1784828
|z Connect to this streaming video (Alexander Street Press)
|t 0
|
| 955 |
|
|
|a Alexander Street Press subscription streaming video
|
| 994 |
|
|
|a 92
|b TXA
|
| 999 |
f |
f |
|s 06d6a5dd-5a69-49b3-b156-9931202717fd
|i 34312372-ff50-47ef-8a5d-98fbc4df68b0
|t 0
|
| 952 |
f |
f |
|a Texas A&M University
|b College Station
|c Electronic Resources
|d Available Online
|t 0
|e PN1200eb
|h Library of Congress classification
|
| 998 |
f |
f |
|a PN1200eb
|t 0
|l Available Online
|